Introducción a la teoría de números
Збережено в:
| Автор: | |
|---|---|
| Формат: | Книга |
| Мова: | Іспанська |
| Опубліковано: |
Ciudad de México
Fondo de Cultura Económica
2012
|
| Редагування: | 1a. ed |
| Предмети: | |
| Теги: |
Додати тег
Немає тегів, Будьте першим, хто поставить тег для цього запису!
|
MARC
| LEADER | 00000cam a2200000 a 4500 | ||
|---|---|---|---|
| 001 | UCF1806 | ||
| 003 | CL-VaPUC | ||
| 008 | 120727e20120000MX |||||||||||||||||spa|d | ||
| 020 | |a 9786071607386 | ||
| 082 | 0 | 4 | |a 512.2 |b ZAL |2 21 |
| 100 | 0 | |a Zaldívar, Felipe |e author |9 563296 | |
| 245 | 1 | 0 | |a Introducción a la teoría de números |
| 250 | |a 1a. ed | ||
| 300 | |a 198 p | ||
| 942 | |c BK | ||
| 945 | |d 20120727 00:00:00 |a dcastane | ||
| 260 | |a Ciudad de México |b Fondo de Cultura Económica |c 2012 | ||
| 650 | 0 | |a Números |9 265328 | |
| 650 | 0 | |a Teoría de números |9 265327 | |
| 583 | |a last modification |c 20120727 13:37:00 |k Rodrigo Vera | ||
| 999 | |c 348494 |d 348492 | ||
| 952 | |0 0 |1 0 |4 0 |6 512_200000000000000_ZAL_2012 |7 0 |8 A |9 450532 |a BIBING |b BIBING |d 2019-11-22 |i 4873912 |o 512.2 ZAL 2012 |p 4873912 |r 2025-01-20 |w 2019-11-22 |y BK |k CUI | ||